00198nam a2200085Ia 4500001000800000005001700008008004100025245002500066260002100091119941820250827021903.0250824s9999 xx 000 0 und d 0aKADERcCANDAN ÖZER bPANAMA YAYINLARI